Paroles : La corrida - Francis Cabrel - Statistiques

Statistiques générales
  • Ce quiz a été pris 6 400 fois
  • Le résultat moyen est 215 sur 278
Statistiques - réponses
Paroles % Correct
de
99%
je
99%
Je
99%
a
98%
à
98%
ce
98%
Ce
98%
le
98%
que
98%
Dans
97%
dans
97%
cette
96%
Cette
96%
du
96%
se
96%
Au
95%
et
95%
Et
95%
cou
94%
la
94%
est
93%
chambre
92%
les
92%
Les
92%
mon
92%
noire
92%
bout
91%
couloir;
91%
j'ai
91%
J'ai
91%
J'en
91%
qu'on
90%
Depuis
89%
J'entends
89%
patiente
89%
temps
89%
chante
88%
comme
88%
Ils
88%
ma
88%
me
87%
monde
87%
s'amuse
86%
sérieux?
86%
vais
86%
autour
85%
ont
85%
verrou
85%
des
84%
ridicule...
84%
ses
84%
sur
84%
danseuse
83%
Est-ce
83%
gens
83%
bien
82%
deux
82%
grand
82%
par
82%
Quelqu'un
82%
ça
81%
Dormira
81%
femme
81%
jour
81%
Mais
81%
oreilles
81%
vu
81%
commence
80%
comprendre
80%
eu
80%
pas
80%
soir
80%
touché
80%
vers
80%
peur
79%
Pour
79%
pour
79%
Qu'il
79%
sans
79%
finir
78%
issue
78%
l'avoir
78%
moi
78%
torero
78%
un
78%
ces
77%
cru
77%
défendre
77%
faire
77%
fallait
77%
seulement
77%
derrière
76%
moments
76%
premiers
76%
recule
76%
souviens
75%
Andalousie
74%
soleil
74%
son
74%
leurs
73%
ne
73%
refermé
73%
tourner
73%
place
72%
plongé
72%
minus!
71%
papier?
71%
ai
70%
Avec
70%
lui
70%
m'incline
70%
pantin,
70%
battre
69%
cactus
69%
costumes
69%
fort
69%
appris
68%
barrières
68%
chapeau
68%
Contre
68%
jamais
68%
poupées
68%
fanfares,
67%
frappé
67%
prairies
67%
tombe
67%
bordées
66%
acrobates
65%
d'une
64%
d'où
63%
sortent
62%
ballerines
61%
l'attraper,
61%
rire
61%
devant
60%
entends
60%
peut
59%
Presque
59%
S'amuser
59%
vois
59%
autant
58%
tout
58%
pensais
57%
fantômes
56%
fou
56%
succombe
56%
danser
55%
prié
55%
s'arrête
55%
C'est
54%
râle
53%
sable
53%
trembler
53%
poursuivi
52%
puisse
50%
sous
50%
tête
50%
Sentir
45%
Baila,
38%
baila
38%
Si,
34%
si
34%
Y
34%
otros
28%
toros
25%
hombre,
23%
hombre
23%
Otras
21%
vidas,
21%
bailar
18%
bailar...
18%
mataremos
18%
Venga,
18%
venga
18%
nuevo
16%
Hay
13%
Aucun quiz correspondant
Distribution des résultats
% des personnes avec chaque résultat
Percentile par nombre de réponses
Votre historique - résultats
Vous n’avez pas pris ce quiz